Statystyki dla 100 państw z najwyższymi budynkami

Kliknij tutaj aby rozwiązać quiz!

Ogólne statystyki

  • Ten quiz został rozwiązany 102 razy
  • Średni wynik to 50 z 100

Statystyki odpowiedzi

WysokośćMiejscePaństwo% Poprawnych
310m18Polska
97%
541m6Stany Zjednoczone
96%
225m43Francja
91%
298m25Kanada
91%
462m8Rosja
91%
632m3Chiny
90%
828m1Zjednoczone Emiraty Arabskie
88%
300m21Niemcy
87%
231m41Włochy
87%
281m30Brazylia
85%
249m35Hiszpania
84%
305m20Meksyk
84%
309m19Wielka Brytania
84%
300m23Japonia
82%
601m4Arabia Saudyjska
81%
284m27Turcja
79%
190m55Szwecja
78%
554.5m5Korea Południowa
76%
145m73Portugalia
76%
239m38Argentyna
73%
322.5m13Australia
73%
320m14Indie
73%
168m63Ukraina
72%
215m46Holandia
69%
394m11Egipt
67%
300m24Chile
66%
134m84Finlandia
66%
300m22Katar
66%
289m26Indonezja
64%
171m61Belgia
61%
205m49Szwajcaria
61%
220m44Austria
60%
140m77Peru
60%
238m39Izrael
58%
216m45Kolumbia
58%
330m12Korea Północna
58%
234m40Republika Południowej Afryki
58%
461m9Wietnam
57%
124m94Dania
55%
162m66Iran
55%
180m57Nowa Zelandia
55%
150m72Irak
54%
311m17Kazachstan
54%
137m79Rumunia
54%
284m29Singapur
54%
679m2Malezja
52%
153m71Litwa
51%
273m32Pakistan
51%
125m90Słowacja
51%
318m15Tajlandia
51%
133m85Białoruś
49%
123m97Łotwa
49%
160m68Nigeria
49%
123.7m95Estonia
48%
210m48Maroko
48%
136.6m80Ekwador
46%
160m67Urugwaj
46%
225m42Wenezuela
46%
413m10Kuwejt
45%
270m34Bahrajn
43%
318m16Filipiny
43%
125m92Bułgaria
42%
508m7Tajwan
42%
270m33Algieria
39%
168m64Serbia
39%
120m100Syria
37%
129.5m89Kuba
36%
180m59Boliwia
34%
136m82Paragwaj
34%
144m75Libia
31%
284m28Panama
31%
200m52Bangladesz
30%
188m56Jordania
30%
195m54Liban
30%
122m99Mjanma
30%
170m62Monako
30%
244m36Kambodża
28%
141m76Kostaryka
28%
140m78Albania
27%
277m31Azerbejdżan
27%
165m65Cypr
25%
172m60Bośnia i Hercegowina
24%
205m50Gruzja
24%
200m51Kenia
24%
122.5m98Honduras
22%
135m83Kongo
21%
136.5m81Watykan
21%
180m58Dominikana
19%
130m87Macedonia Północna
19%
240m37Sri Lanka
19%
123m96Tadżykistan
18%
198m53Etiopia
16%
158m69Wybrzeże Kośći Słoniowej
16%
145m74Angola
15%
130m88Mozambik
15%
157m70Tanzania
15%
211m47Turkmenistan
15%
130m86Sudan
13%
125m91Madagaskar
12%
124m93Mauritius
0%

Rozkład punktacji

Percentyl według liczby udzielonych odpowiedzi

Procent ludzi z każdym wynikiem

Twoja historia wyników

Nie rozwiązałeś tego quizu